<?xml version="1.0" encoding="UTF-8"?>
<marc:record xmlns:marc="http://www.loc.gov/MARC21/slim">
   <marc:leader>00000nam a2200000 a 4500</marc:leader>
   <marc:datafield ind1="1" ind2=" " tag="100">
      <marc:subfield code="a">Voggenhuber, Pascal</marc:subfield>
      <marc:subfield code="4">aut</marc:subfield>
      <marc:subfield code="e">Verfasser/-in</marc:subfield>
   </marc:datafield>
   <marc:datafield ind1=" " ind2=" " tag="653">
      <marc:subfield code="a">Grenzwissenschaften</marc:subfield>
   </marc:datafield>
   <marc:datafield ind1="0" ind2="0" tag="245">
      <marc:subfield code="a">Nachricht aus dem Jenseits</marc:subfield>
   </marc:datafield>
   <marc:datafield ind1="0" ind2="0" tag="245">
      <marc:subfield code="b">Meine Kontakte mit Verstorbenen und der Geistigen Welt</marc:subfield>
   </marc:datafield>
   <marc:datafield ind1="0" ind2="0" tag="245">
      <marc:subfield code="c">Pascal Voggenhuber</marc:subfield>
   </marc:datafield>
   <marc:datafield ind1=" " ind2="1" tag="264">
      <marc:subfield code="a">Altendorf</marc:subfield>
      <marc:subfield code="b">Giger Verlag</marc:subfield>
      <marc:subfield code="c">2008</marc:subfield>
   </marc:datafield>
   <marc:datafield ind1="1" ind2=" " tag="520">
      <marc:subfield code="a">Angaben aus der Verlagsmeldung

Nachricht aus dem Jenseits : Meine Kontakte mit Verstorbenen und der Geistigen Welt / von Pascal Voggenhuber

Ohne Pascal hätte ich es nicht geschafft, im Leben wieder einen Sinn
zu finden.“ Zitat einer Klientin nach dem Tod ihrer Tochter
„Es gibt nichts Schöneres für mich, als Menschen zu helfen und ihnen
mit Jenseitsbotschaften, die Angst vor dem Tod zu nehmen. Es findet
soviel Heilung statt.“
Mit der Präzision seiner Jenseitsbotschaften hat sich Pascal Voggenhuber in der Schweiz
und über die Grenzen hinaus innerhalb kürzester Zeit einen Namen gemacht.
In seinem neuen Buch erzählt er über seine Arbeit in der Praxis, erklärt wie Jenseitskontakte
funktionieren und wie er mit der geistigen Welt Kontakt aufnimmt. An zahlreichen Beispielen
aus seiner Praxis, erklärt Voggenhuber, wie sich ihm Verstorbene zeigen. Seine berührenden
Botschaften sind für viele Menschen zum Trost geworden, dass es ein Leben nach dem Tod gibt und die Vertrorbenen immer bei uns sind.
Ein berührendes Buch, das Trost und Kraft spendet.
</marc:subfield>
   </marc:datafield>
   <marc:datafield ind1=" " ind2=" " tag="020">
      <marc:subfield code="a">9783952320273</marc:subfield>
      <marc:subfield code="9">9783952320273</marc:subfield>
   </marc:datafield>
   <marc:datafield ind1=" " ind2=" " tag="041">
      <marc:subfield code="a">ger</marc:subfield>
   </marc:datafield>
   <marc:datafield ind1=" " ind2=" " tag="300">
      <marc:subfield code="a">250 S.</marc:subfield>
   </marc:datafield>
</marc:record>
